000 00913nam a22002897a 4500
001 BR9607696
003 BR-BrBNA
005 20230928095102.0
007 ta
008 230509b bl.||||| |||| 00| 0 por d
040 _aBR-BrBNA
_bpor
_cBiblioteca Nacional de Agricultura
041 _a(Por)
072 _aE13; E71; H20
_b0710
_b4030
090 _ 0710 BR9607696
110 1 _aAssociacao Brasileira de Produtores de Maca e Pera, Fraiburgo, SC (Brasil)
_9322
111 1 _a2. Encontro Nacional de Fruticultura de Clima Temperado
_cGuarapuava, PR (Brazil)
_d10-11 Sep 1980
245 1 _aAnais do 2. Encontro Nacional de Fruticultura de Clima Temperado
260 3 _aFraiburgo, SC (Brasil):
_c1980.
300 _a[vp]
650 _aMaca
650 _aSarna de Planta
650 _aFinanciamento
650 _aImportacao
650 _aExportacao
909 _a202309
_bLucia
_c55
_dLucia Elande
942 _cBK
999 _c54432
_d54432